[Event "Rostock SSC op 13th"]
[Site "Rostock"]
[Date "2014.07.27"]
[Round "7"]
[White "Schubert, Monique"]
[Black "Ehrich, Dieter"]
[Result "0-1"]
[WhiteElo "1244"]
[BlackElo "1662"]
[PlyCount "70"]
[EventDate "2014.07.23"]
[EventType "swiss"]
[EventRounds "7"]
[EventCountry "GER"]
[SourceTitle "EXT 2018"]
[Source "ChessBase"]
[SourceDate "2017.10.13"]
[SourceVersion "1"]
[SourceVersionDate "2017.10.13"]
[SourceQuality "1"]

1. e4 c5 2. c4 Nc6 3. Nc3 g6 4. g3 Bg7 5. Bg2 e6 6. Nge2 Nge7 7. d3 0-0 8. 0-0 a6 9. b3 b5 10. Bb2 Nd4 11. Nxd4 cxd4 12. Ne2 e5 13. a4 Bb7 14. axb5 axb5 15. Ba3 Re8 16. Bxe7 Qxe7 17. f4 Rxa1 18. Qxa1 Ra8 19. Qd1 Ra3 20. fxe5 Qxe5 21. Nf4 Bh6 22. Ne2 Ra2 23. Nc1 Rb2 24. Qf3 f5 25. g4 Bxc1 26. Rxc1 Rxb3 27. Qd1 bxc4 28. Rxc4 Rc3 29. Rb4 Qf4 30. Rxb7 Rc1 31. Qxc1 Qxc1+ 32. Bf1 Qe3+ 33. Kg2 fxe4 34. Rxd7 Qf3+ 35. Kg1 Qxg4+ 0-1